|
|
|
|
| LEADER |
00952nab a2200253 i 4500 |
| 001 |
acta69285 |
| 005 |
20220621091721.0 |
| 008 |
200730s2020 hu o 0|| eng d |
| 022 |
|
|
|a 0324-721X
|
| 024 |
7 |
|
|a 10.14232/actacyb.24.3.2020.1
|2 doi
|
| 040 |
|
|
|a SZTE Egyetemi Kiadványok Repozitórium
|b hun
|
| 041 |
|
|
|a eng
|
| 100 |
1 |
|
|a Auer Ekaterina
|
| 245 |
1 |
0 |
|a Preface
|h [elektronikus dokumentum] /
|c Auer Ekaterina
|
| 260 |
|
|
|a University of Szeged, Institute of Informatics
|b Szeged
|c 2020
|
| 300 |
|
|
|a 265-266
|
| 490 |
0 |
|
|a Acta cybernetica
|v 24 No. 3
|
| 650 |
|
4 |
|a Természettudományok
|
| 650 |
|
4 |
|a Számítás- és információtudomány
|
| 695 |
|
|
|a Kibernetika - előszó, Számítástechnika - előszó
|
| 700 |
0 |
1 |
|a Kersten Julia
|e aut
|
| 700 |
0 |
1 |
|a Rauh Andreas
|e aut
|
| 710 |
|
|
|a Summer Workshop on Interval Methods (11.) (2018) (Rostock)
|
| 856 |
4 |
0 |
|u http://acta.bibl.u-szeged.hu/69285/1/cybernetica_024_numb_003_265-266.pdf
|z Dokumentum-elérés
|